| 000 | 01183cam a2200157 4500500 | ||
|---|---|---|---|
| 005 | 20251214001512.0 | ||
| 041 | _afre | ||
| 042 | _adc | ||
| 100 | 1 | 0 |
_aGuibert, Gérôme _eauthor |
| 700 | 1 | 0 |
_aRebillard, Franck _eauthor |
| 700 | 1 | 0 |
_aRochelandet, Fabrice _eauthor |
| 245 | 0 | 0 | _aMédias, culture et numérique : Approches socioéconomiques |
| 260 |
_bArmand Colin,
_c2016. |
||
| 520 | _aLa diffusion du numérique a transformé les activités économiques et les pratiques sociales liées aux industries culturelles (cinéma, livre, musique, jeu vidéo) ou médiatiques (presse, radio, télévision). Avec l’internet, la participation du public se manifeste sous des formes variées et prend place dans un environnement dominé par les plateformes de firmes transnationales parmi les plus puissantes au monde (Apple, Facebook, Google…). Cet ouvrage propose une analyse complète et inédite du secteur, illustrée à partir des filières et des écosystèmes qui se développent en ligne autour du journalisme, de la musique et de l’audiovisuel. | ||
| 856 | 4 | 1 | _uhttps://shs.cairn.info/medias-culture-et-numerique--9782200614546?lang=fr&redirect-ssocas=7080 |
| 999 |
_c1566229 _d1566229 |
||